| 000 | 01615cam a2200361 i 4500 | ||
|---|---|---|---|
| 001 | 192153 | ||
| 003 | ES-MaACL | ||
| 005 | 20250804062636.0 | ||
| 008 | 221107s2022 sp 001 0 spa d | ||
| 017 | _aM 6614-2022 | ||
| 020 | _a9788416250172 | ||
| 040 | _cES-MaACL | ||
| 080 | _a821.134.2Pérez Galdós, Benito:32 | ||
| 100 | 1 |
_aPérez Galdós, Benito, _d1843-1920 _eaut _990871 |
|
| 245 | 1 | 0 |
_aGaldós político y republicano : _bartículos recogidos / _cRosa Amor del Olmo, Cristina Barreiro Gordillo, Rosi Burakoff ... [et al.] |
| 250 | _aPrimera edición, 2022 | ||
| 260 |
_aMadrid : _bIsidora Ediciones, _c2022. |
||
| 300 |
_a601 páginas ; _c21 cm |
||
| 500 | _aÍndice | ||
| 504 | _aReferencias bibliográficas | ||
| 505 | 8 | _aContiene: Entrevistas recogidas por Luis Antón del Olmet y Arturo García Carraffa en el libro "Los grandes españoles: Galdós", p. 1-17 | |
| 600 | 1 | 4 |
_aPérez Galdós, Benito, _d1843-1920- _xPensamiento político _9139461 |
| 600 | 1 | 4 |
_aPérez Galdós, Benito, _d1843-1920- _xCrítica e interpretación _990875 |
| 700 | 1 |
_9137798 _aAmor del Olmo, Rosa, _d1963- _eaut |
|
| 700 | 1 |
_aBarreiro Gordillo, Cristina, _d1973- _eaut _9154598 |
|
| 700 | 1 |
_aBurakoff, Rosa _eaut _9234933 |
|
| 740 | 0 | 2 | _aEntrevistas recogidas por Luis Antón del Olmet y Arturo García Carraffa en el libro "Los grandes españoles: Galdós" |
| 852 | 4 |
_aES-MaACL _jN-8064 _9199435 _bR.153314 _cDEPOJ _hDonación: Rosa Amor del Olmo |
|
| 903 |
_aAmor del Olmo, Rosa, _d1963- _ednr _9137798 |
||
| 942 |
_cMONOGRAFIA _n0 |
||
| 999 |
_c192153 _d192153 |
||